Quizzes
Events
Quiz Creation
Community
Videos
Private Events
Remove Ads
Sign In
Join for FREE
Feedback
Dark Mode
Quiz Categories
Sports
Geography
Music
Movies
Television
Just For Fun
Miscellaneous
History
Literature
Language
Science
Gaming
Entertainment
Religion
Holiday
For Kids
Quiz Lab
Recent
Popular Today
Quiz Kudos Today
Editor Picks
Curator Picks
Quizzes by...
Day
Popularity
Type
Ratings
Length
Year
Community
Subscriptions
Recent Discussions
Orange Saloon
Badges
Playlists
Quests
Create
Leaderboards
Showdown
Live 5
Trivia Bingo
Activity
Puzzle Library
Sporcle Events
Private Events
Virtual Trivia
Globe League
Become a Host
Pub Owners
SporcleCon
Opinionation
Our Games
Videos
Blog
Mobile Apps
Partnerships
Remove Ads and Go Orange
Feedback
Sports
Athletes
MLB
NBA
NHL
NFL
Soccer
Sports Teams
WWE
NCAA
Football
Premier League
Basketball
Baseball
Hockey
Golf
Tennis
Cricket
Rugby
Auto Racing
Olympics
World Cup
Sports
Athletes
MLB
NBA
NHL
NFL
Soccer
Sports Teams
WWE
NCAA
Football
Premier League
Basketball
Baseball
Hockey
Golf
Tennis
Cricket
Rugby
Auto Racing
Olympics
World Cup
Random Quiz
Search Sporcle
×
Quiz Lab
Quiz Lab
Sports
World
Type in answers that appear in a list
Type in answers that appear in a list
Classic
Best Score? Go Orange.
Alpine World Ski Championships Stats
Can you name the FIS Alpine World Ski Championships hosts?
By
stjaernstoft
12m
40 Questions
459 Plays
459 Plays
459 Plays
Comments
Comments
Give Quiz Kudos
Give Quiz Kudos
-
- Ratings
hide this ad
More Info
Replay
Link that replays current quiz
Next Quiz
Link to next quiz in quiz playlist
You Got
0%
They Got
Avg Score
56%
Avg Friend Score
Upgrade to see
Score Distribution
Jump to the score distribution portion of the page
Score
0/40
Timer
12:00
0
Plays Today
Year
Host
% Correct
1934
St. Moritz, Switzerland
83.4%
1948
St. Moritz, Switzerland
83.4%
1974
St. Moritz, Italy
83.4%
2003
St. Moritz, Switzerland
83.4%
1999
Vail/Beaver Creek, CO, United States
82.8%
1954
Åre, Sweden
76.5%
2007
Åre, Sweden
76.5%
2009
Val d'Isère, France
73.9%
1933
Innsbruck, Austria
73.2%
1936
Innsbruck, Austria
73.2%
1964
Innsbruck, Austria
73.2%
1976
Innsbruck, Austria
73.2%
1989
Vail, CO, United States
69.9%
1978
Garmisch-Partenkirchen, West Germany
69.3%
1937
Chamonix, France
66.9%
1962
Chamonix, France
66.9%
2005
Bormio/Santa Caterina, Italy
66%
1985
Bormio, Italy
65.6%
1932
Cortina d'Ampezzo, Italy
64.5%
1956
Cortina d'Ampezzo, Italy
64.5%
Year
Host
% Correct
1980
Lake Placid, NY, United States
63%
1972
Sapporo, Japan
59.7%
2001
St. Anton, Austria
59.3%
1968
Grenoble, France
59%
1996
Sierra Nevada, Spain
57.3%
1952
Oslo, Norway
56.6%
1982
Schladming, Austria
55.6%
1970
Val Gardena, Italy
50.3%
1997
Sestriere, Italy
49.2%
1960
Squaw Valley, CA, United States
46%
1950
Aspen, CO, United States
43.1%
1987
Crans-Montana, Switzerland
43.1%
1993
Morioka Shizukuishi, Japan
37.7%
1991
Saalbach-Hinterglemm, Austria
29.2%
1939
Zakopane, Poland
20.5%
1931
Mürren, Switzerland
19%
1935
Mürren, Switzerland
19%
1966
Portillo, Chile
17.6%
1958
Bad Gastein, Austria
12.4%
1938
Engelberg, Switzerland
11.8%
Quiz Playlist
Details
Report
Send in Message
Add To Playlist
More Info:
OWG = Olympic Winter Games, WSC = World Ski Championships.
Classic:
Type in answers that appear in a list
Quiz Source
Last Updated: Feb 16, 2017
Quiz Scoreboard
CHALLENGE
Sign Up to Join the Scoreboard
Show All
Scores
Hide
Comments
May contain spoilers
Recently Published
NBA Finals Game Top Scorers (2010s)
by flibbidy
Sports
5m
Guess the 'R' Things in 3 Words
by MSUKent
Miscellaneous
3m
Actor to Badly Drawn Movie III
by MoMosMoProblems
Movies
5m
More to Explore
Quiz From the Vault
Featured Blog Post
Where Does Lost Luggage Go?
hide this ad
You Might Also Like...
Tags
World Quiz
alpine
Championship
fis
FIS Alpine
host
note
ski
Ski Championships
Today's Top Quizzes in Sports
Browse Sports
hide this ad
Today's Top Quizzes in World
Browse World
Top Contributed Quizzes in Sports
1
Les joueurs à 100 buts en Ligue 1 Uber Eats
2
2022 World Cup Stars
3
Millionaire: NBA Finals Edition
4
2024 March Madness Bracket
5
Players with Multiple 50 Home Run Seasons
6
Criteria MLB: Left Handed Sluggers
7
Nickname Match: Athletes VI
8
Iconic Moments in Football - Multiple Choice
9
NFL MVPs ordered
10
NBA Championships Per City
Explore More
Trending Topics
Kpop
Harry Potter
Anime
NBA
Disney
Crossword
Marvel
Pokémon
Song
Puzzle
NFL
The Office
Soccer
WWE
Country
hide this ad
More By:
stjaernstoft
Quiz
Plays
Rating
Category
Featured
Created
Apples and Oranges
129,474
4.39
Geography
May 17, 2010
Foreign-Born Population: Sweden
48,219
4.57
Geography
Mar 1, 2010
FIFA Players of the Year
17,298
4.64
Sports
Jun 17, 2010
NHL Top 100 - 2009
7,269
4.48
Sports
Jun 1, 2010
Electricity Consumption per Capita
1,856
4.69
Geography
May 14, 2010
Go to Creator's Profile
Score Distribution
Quiz Creator Spotlight
stjaernstoft
Follow
Send a Message
Quizzes Created
-
Created Quiz Play Count
-
More By This Creator
Popular Quizzes Today
1
Find the US States - No Outlines Minefield
2
Find the US States
3
The Countries of the World
4
10 Largest US States in Order
5
Find the Countries of Europe - No Outlines Minefield
6
US States
7
Guess the 'R' Things in 3 Words
8
NBA Finals Game Top Scorers (2010s)
More Sports Quizzes
MLB Winningest Managers by Picture
Published
Trending Quizzes
First Name TV: Leading Men
Match the Book to the Film II
First Name TV: Leading Women Drama
Match the Book to the Film VI
Pick A Pair: Religious TV
Recently Updated
Women's Final Four Teams by Year
bhenderson79
Presidents Quartet II
eogle
Anything But Clue(do)
eogle
Anything But Oceanian Capitals
eogle
Anything But 7
eogle
Anything But Thing
eogle
Word Ladder: February 29
pecheneg
Song Title Questions
pecheneg
Women's NCAA Tournament #1 Seeds
pecheneg
Celebrity Mug Shots
pecheneg
Trending Topics
NBA
Harry Potter
Kpop
Marvel
Anime
Crossword
Disney
Pokémon
NFL
Country
WWE
Soccer
The Office
Song
Puzzle
Your Account Isn't Verified!
In order to create a playlist on Sporcle, you need to verify the email address you used during registration. Go to your
Sporcle Settings
to finish the process.
Report this User
Report this user for behavior that violates our
Community Guidelines
.
Details:
Send Report
Go to the Sporcle.com Mobile Site →
Comments